| 000 | 00677cam a2200217 a 4500 | ||
|---|---|---|---|
| 005 | 20260407170848.0 | ||
| 008 | 081211s2008 si ac b 000 0deng d | ||
| 020 | _a9789812794390 (pbk) | ||
| 082 | 0 | 4 | _a330 ENG |
| 245 | 0 | 0 |
_aEconomic sciences, 2001-2005 / _ceditor, Peter Englund |
| 260 |
_aSingapore ; _bWorld Scientific, _c2008. |
||
| 300 |
_axii, 525 p. : _c25 cm. |
||
| 365 | _bRs. 3809.00 | ||
| 440 | _aNobel lectures, including presentation speeches and laureates' biographies | ||
| 650 | 0 | _aEconomics. | |
| 650 | 0 | _aNobel Prizes. | |
| 650 | 0 |
_aEconomists _vBiography. |
|
| 650 | 0 |
_aNobel Prize winners _vBiography. |
|
| 700 | 1 | _aEnglund, Peter | |
| 942 |
_2ddc _cBK |
||
| 999 |
_c31583 _d31583 |
||